Countries Smaller than Ohio - Statistics

General Stats
  • This quiz has been taken 189 times
    101 since last reset
  • The average score is 72 of 121
Answer Stats
Population Answer % Correct
825 Vatican City
94%
4,757,976 Ireland
85%
71,293 Dominica
80%
11,239,004 Cuba
78%
33,121 San Marino
78%
7,076,372 Serbia
78%
37,550 Monaco
77%
78,014 Andorra
75%
590,667 Luxembourg
75%
8,689,300 Israel
74%
2,723,246 Jamaica
74%
429,344 Malta
74%
5,435,343 Slovakia
74%
2,064,241 Slovenia
74%
5,756,170 Denmark
72%
1,317,797 Estonia
72%
11,078,033 Haiti
72%
340,110 Iceland
72%
186,000 Saint Lucia
72%
380,010 Belize
71%
6,581,940 El Salvador
71%
9,799,000 Hungary
71%
1,945,500 Latvia
71%
2,576,181 Qatar
71%
46,204 Saint Kitts and Nevis
71%
109,991 Saint Vincent and the Grenadines
71%
2,876,591 Albania
69%
4,190,669 Croatia
69%
10,578,820 Czech Republic
69%
2,831,670 Lithuania
69%
5,258,317 Norway
69%
2,986,500 Armenia
68%
8,773,686 Austria
68%
378,040 Bahamas
68%
3,531,159 Bosnia and Herzegovina
68%
7,101,859 Bulgaria
68%
10,341,330 Portugal
68%
541,638 Suriname
68%
11,356,191 Belgium
66%
10,075,045 Dominican Republic
66%
869,458 Fiji
66%
5,503,879 Finland
66%
1,836,978 Kosovo
66%
10,084 Nauru
66%
10,640 Tuvalu
66%
10,003,223 United Arab Emirates
66%
1,404,900 Bahrain
65%
285,000 Barbados
65%
8,866,351 Honduras
65%
1,916,000 Lesotho
65%
6,262,703 Nicaragua
65%
4,573,075 Oman
65%
17,950 Palau
65%
4,890,379 Costa Rica
63%
102,800 Federated States of Micronesia
63%
746,900 Guyana
63%
5,607,300 Singapore
63%
10,053,200 Sweden
63%
8,417,700 Switzerland
63%
417,200 Brunei
62%
806,153 Comoros
62%
3,718,200 Georgia
62%
10,783,748 Greece
62%
626,388 Montenegro
62%
4,785,840 New Zealand
62%
3,814,672 Panama
62%
786,780 Bhutan
60%
113,400 Kiribati
60%
5,988,000 Lebanon
60%
37,815 Liechtenstein
60%
2,071,278 Macedonia
60%
94,677 Seychelles
60%
103,252 Tonga
60%
86,295 Antigua and Barbuda
58%
900,000 Djibouti
58%
1,167,242 East Timor
58%
9,887,940 Jordan
58%
344,023 Maldives
58%
7,143,000 Togo
58%
1,353,895 Trinidad and Tobago
58%
9,498,600 Belarus
57%
10,653,654 Benin
57%
103,328 Grenada
57%
4,183,658 Kuwait
57%
54,880 Marshall Islands
57%
194,899 Samoa
57%
642,000 Solomon Islands
57%
9,823,667 Azerbaijan
55%
531,239 Cape Verde
55%
3,550,900 Moldova
55%
6,953,646 Paraguay
55%
187,356 Sao Tome and Principe
55%
938,400 Cyprus
54%
11,553,188 Rwanda
54%
1,547,777 Guinea-Bissau
52%
1,882,450 The Gambia
52%
3,480,222 Uruguay
52%
277,500 Vanuatu
51%
10,114,505 Burundi
49%
5,482,000 Eritrea
49%
8,742,000 Tajikistan
49%
1,263,747 Mauritius
48%
4,076,530 Liberia
46%
4,751,120 Turkmenistan
45%
11,299,400 Tunisia
43%
1,222,442 Equatorial Guinea
42%
6,492,400 Laos
42%
7,075,641 Sierra Leone
42%
1,811,079 Gabon
38%
3,147,350 Mongolia
38%
11,145,770 Bolivia
37%
6,140,200 Kyrgyzstan
37%
2,324,388 Namibia
32%
8,151,300 Papua New Guinea
31%
1,132,657 Swaziland
29%
2,230,905 Botswana
28%
6,385,000 Libya
23%
4,741,000 Republic of the Congo
20%
5,099,000 Central African Republic
18%
3,718,678 Mauritania
15%
11,079,000 Somalia
15%
No matching quizzes found
Score Distribution
Percent of People with Each Score
Percentile by Number Answered
Your Score History
You have not taken this quiz since the last reset